[Event "Mistrovstvi Cech 2019 - FIDE"]
[Site "?"]
[Date "2019.10.26"]
[Round "1.1"]
[White "Petr, Jakub"]
[Black "Stanek, Ondrej"]
[Result "1-0"]
[BlackElo "2063"]
[WhiteElo "2288"]
[LiveChessVersion "1.4.8"]

1. d4 {[%clk 1:30:55]} d5 {[%clk 1:29:56]} 2. Nf3 {[%clk 1:31:12]} Nf6
{[%clk 1:30:16]} 3. c4 {[%clk 1:31:10]} e6 {[%clk 1:30:02]} 4. g3
{[%clk 1:31:17]} Be7 {[%clk 1:29:44]} 5. Bg2 {[%clk 1:31:16]} O-O
{[%clk 1:29:52]} 6. O-O {[%clk 1:31:25]} dxc4 {[%clk 1:29:28]} 7. Ne5
{[%clk 1:29:22]} Nc6 {[%clk 1:27:26]} 8. Nxc6 {[%clk 1:16:33]} bxc6
{[%clk 1:27:39]} 9. Qa4 {[%clk 1:15:00]} Qxd4 {[%clk 1:06:15]} 10. Nc3
{[%clk 0:55:06]} Nd5 {[%clk 0:54:03]} 11. Qxc6 {[%clk 0:53:11]} Rb8
{[%clk 0:53:08]} 12. Bxd5 {[%clk 0:50:09]} exd5 {[%clk 0:51:16]} 13. Nxd5
{[%clk 0:42:44]} Bd6 {[%clk 0:46:40]} 14. Be3 {[%clk 0:38:57]} Qxb2
{[%clk 0:40:57]} 15. Bxa7 {[%clk 0:35:47]} Rb7 {[%clk 0:26:44]} 16. Bc5
{[%clk 0:28:53]} Be6 {[%clk 0:15:03]} 17. Bxd6 {[%clk 0:25:55]} cxd6
{[%clk 0:15:02]} 18. Qxc4 {[%clk 0:18:53]} Qe5 {[%clk 0:08:10]} 19. Rad1
{[%clk 0:10:05]} Ra7 {[%clk 0:03:56]} 20. Rd2 {[%clk 0:04:41]} Rc8
{[%clk 0:01:58]} 21. Qb5 {[%clk 0:04:32]} Bxd5 {[%clk 0:00:33]} 22. Rxd5
{[%clk 0:04:52]} Qe6 {[%clk 0:00:33]} 23. Ra1 {[%clk 0:02:26]} Re8
{[%clk 0:00:31]} 24. Rxd6 {[%clk 0:02:21]} Qe7 {[%clk 0:00:33]} 25. Rd2
{[%clk 0:02:09]} Ra3 {[%clk 0:00:54]} 26. Rad1 {[%clk 0:01:57]} Kf8
{[%clk 0:00:33]} 27. Rd3 {[%clk 0:01:37]} g6 {[%clk 0:00:32]} 28. Qb2
{[%clk 0:01:49]} Rea8 {[%clk 0:00:37]} 29. Qh8# 1-0

[Event "Mistrovstvi Cech 2019 - FIDE"]
[Site "?"]
[Date "2019.10.26"]
[Round "1.2"]
[White "Mach, Petr"]
[Black "Hurdzan, Tomas"]
[Result "0-1"]
[BlackElo "2229"]
[WhiteElo "2050"]
[LiveChessVersion "1.4.8"]

1. Nf3 Nf6 {[%clk 1:30:40]} 2. c4 {[%clk 1:31:23]} g6 {[%clk 1:30:46]} 3. d4
{[%clk 1:31:50]} Bg7 {[%clk 1:31:02]} 4. Nc3 {[%clk 1:32:17]} d6 {[%clk 1:31:22]}
5. g3 {[%clk 1:32:23]} O-O {[%clk 1:31:35]} 6. Bg2 Nbd7 {[%clk 1:31:29]} 7. O-O
{[%clk 1:32:56]} e5 {[%clk 1:31:53]} 8. e4 {[%clk 1:30:56]} exd4 {[%clk 1:31:20]}
9. Nxd4 {[%clk 1:30:56]} Re8 {[%clk 1:31:00]} 10. Re1 {[%clk 1:28:36]} Nc5
{[%clk 1:30:09]} 11. h3 {[%clk 1:28:09]} a5 {[%clk 1:27:44]} 12. b3
{[%clk 1:24:08]} c6 {[%clk 1:24:47]} 13. Bb2 {[%clk 1:09:30]} Qb6
{[%clk 1:19:58]} 14. Qc2 {[%clk 1:05:23]} a4 {[%clk 1:14:30]} 15. Rad1
{[%clk 0:55:27]} Nfd7 {[%clk 1:06:47]} 16. Kh2 {[%clk 0:52:10]} Ne5
{[%clk 1:06:47]} 17. f4 {[%clk 0:51:25]} axb3 {[%clk 0:59:23]} 18. Nxb3
{[%clk 0:50:00]} Nxc4 {[%clk 0:59:23]} 19. Bc1 {[%clk 0:44:43]} Qb4
{[%clk 0:44:58]} 20. e5 {[%clk 0:45:07]} Bf5 {[%clk 0:44:58]} 21. Ne4
{[%clk 0:43:02]} dxe5 {[%clk 0:41:05]} 22. Nbxc5 {[%clk 0:43:02]} Qxc5
{[%clk 0:41:05]} 23. g4 {[%clk 0:34:09]} Bxe4 {[%clk 0:39:58]} 24. Rxe4
{[%clk 0:33:23]} b5 {[%clk 0:36:48]} 25. Bf1 {[%clk 0:33:48]} exf4
{[%clk 0:36:48]} 26. Bxc4 {[%clk 0:34:06]} bxc4 {[%clk 0:27:42]} 27. Rxc4
{[%clk 0:32:36]} Qe7 {[%clk 0:27:42]} 28. Bxf4 {[%clk 0:28:07]} Be5
{[%clk 0:28:03]} 29. Rf1 {[%clk 0:23:13]} Ra3 {[%clk 0:19:57]} 30. Qg2
{[%clk 0:19:24]} Qd6 {[%clk 0:17:38]} 31. Kh1 {[%clk 0:19:09]} Qd3
{[%clk 0:15:33]} 32. Re4 {[%clk 0:18:22]} Rxa2 {[%clk 0:15:56]} 0-1

[Event "Mistrovstvi Cech 2019 - FIDE"]
[Site "?"]
[Date "2019.10.26"]
[Round "1.3"]
[White "Hlavacek, Tomas"]
[Black "Kopriva, Martin"]
[Result "1-0"]
[BlackElo "2039"]
[WhiteElo "2157"]
[LiveChessVersion "1.4.8"]

1. e4 {[%clk 1:30:54]} g6 {[%clk 1:30:51]} 2. d4 {[%clk 1:31:10]} Bg7
{[%clk 1:31:16]} 3. Nf3 {[%clk 1:31:11]} d6 {[%clk 1:31:39]} 4. Bc4
{[%clk 1:29:36]} Nf6 {[%clk 1:30:16]} 5. Qe2 {[%clk 1:28:52]} a6 {[%clk 1:27:35]}
6. a4 {[%clk 1:28:28]} O-O {[%clk 1:26:47]} 7. O-O {[%clk 1:25:57]} Bg4
{[%clk 1:24:06]} 8. h3 {[%clk 1:23:28]} Bxf3 {[%clk 1:23:39]} 9. Qxf3
{[%clk 1:23:50]} Nc6 {[%clk 1:22:26]} 10. c3 {[%clk 1:19:39]} e5 {[%clk 1:21:08]}
11. d5 {[%clk 1:14:14]} Ne7 {[%clk 1:19:09]} 12. Bg5 {[%clk 1:09:11]} Nd7
{[%clk 1:18:24]} 13. Nd2 {[%clk 1:05:52]} Qe8 {[%clk 1:09:48]} 14. Bxe7
{[%clk 1:03:59]} Qxe7 {[%clk 1:09:51]} 15. b4 {[%clk 1:00:42]} f5
{[%clk 1:04:48]} 16. Qe2 {[%clk 0:55:56]} f4 {[%clk 1:01:52]} 17. a5
{[%clk 0:52:30]} g5 {[%clk 0:54:55]} 18. Qh5 {[%clk 0:48:17]} h6 {[%clk 0:50:07]}
19. Rfb1 {[%clk 0:44:50]} Kh7 {[%clk 0:47:29]} 20. Qd1 {[%clk 0:44:49]} Nf6
{[%clk 0:45:41]} 21. Be2 {[%clk 0:42:50]} Qf7 {[%clk 0:43:08]} 22. Bg4
{[%clk 0:41:16]} Nxg4 {[%clk 0:41:56]} 23. hxg4 {[%clk 0:41:39]} Kg6
{[%clk 0:37:06]} 24. c4 {[%clk 0:40:04]} Rh8 {[%clk 0:36:18]} 25. Ra3
{[%clk 0:39:08]} h5 {[%clk 0:33:20]} 26. Rh3 {[%clk 0:36:58]} hxg4
{[%clk 0:27:10]} 27. Qxg4 {[%clk 0:37:14]} Rxh3 {[%clk 0:25:51]} 28. gxh3
{[%clk 0:37:17]} f3 {[%clk 0:22:48]} 29. Nxf3 {[%clk 0:35:25]} Qf4
{[%clk 0:21:06]} 30. Nh4+ {[%clk 0:32:07]} Kh6 {[%clk 0:17:23]} 31. Nf5+
{[%clk 0:31:50]} Kg6 {[%clk 0:17:18]} 32. Qxf4 {[%clk 0:25:21]} exf4
{[%clk 0:16:53]} 33. Rb3 {[%clk 0:25:09]} Be5 {[%clk 0:15:04]} 34. Kg2
{[%clk 0:24:37]} Kf6 {[%clk 0:13:15]} 35. Kf3 {[%clk 0:21:22]} c6
{[%clk 0:09:06]} 36. Rd3 {[%clk 0:16:52]} Rc8 {[%clk 0:05:08]} 37. dxc6
{[%clk 0:10:57]} Rxc6 {[%clk 0:05:30]} 38. b5 {[%clk 0:11:20]} Rxc4
{[%clk 0:04:09]} 39. Nxd6 {[%clk 0:10:58]} Rd4 {[%clk 0:03:18]} 40. Rxd4 Bxd4
{[%clk 0:03:46]} 41. bxa6 {[%clk 0:08:47]} bxa6 {[%clk 0:04:10]} 42. Ne8+
{[%clk 0:09:10]} Ke5 {[%clk 0:03:37]} 43. Nc7 {[%clk 0:09:35]} Bc3
{[%clk 0:03:40]} 44. Nxa6 {[%clk 0:09:53]} Bxa5 {[%clk 0:04:04]} 45. Nc5
{[%clk 0:10:13]} Bc3 {[%clk 0:03:08]} 46. Nb3 {[%clk 0:08:12]} Bb4
{[%clk 0:02:47]} 47. Nc1 {[%clk 0:08:02]} Bc3 {[%clk 0:02:31]} 48. Ne2
{[%clk 0:08:20]} Bd2 {[%clk 0:01:31]} 49. Ng1 {[%clk 0:08:43]} Bc3
{[%clk 0:01:38]} 50. Kg4 {[%clk 0:07:18]} Kxe4 {[%clk 0:01:28]} 51. Nf3
{[%clk 0:07:08]} Bb4 {[%clk 0:00:35]} 52. Nxg5+ {[%clk 0:07:27]} Ke5
{[%clk 0:00:47]} 53. h4 {[%clk 0:07:29]} Be1 {[%clk 0:00:34]} 54. Nf3+
{[%clk 0:07:39]} 1-0

[Event "Mistrovstvi Cech 2019 - FIDE"]
[Site "?"]
[Date "2019.10.26"]
[Round "1.4"]
[White "Polansky, Adam Lubos"]
[Black "Nagy, Ladislav"]
[Result "0-1"]
[BlackElo "2140"]
[WhiteElo "2039"]
[LiveChessVersion "1.4.8"]

1. d4 {[%clk 1:30:57]} Nf6 {[%clk 1:30:33]} 2. c4 {[%clk 1:31:23]} e6
{[%clk 1:30:03]} 3. g3 {[%clk 1:31:47]} d5 {[%clk 1:29:37]} 4. Nf3
{[%clk 1:32:12]} dxc4 {[%clk 1:29:04]} 5. Bg2 {[%clk 1:32:37]} Nc6
{[%clk 1:28:16]} 6. Qa4 {[%clk 1:30:11]} Bb4+ {[%clk 1:26:22]} 7. Bd2
{[%clk 1:29:49]} Nd5 {[%clk 1:24:42]} 8. Qb5 {[%clk 1:21:25]} O-O
{[%clk 1:13:41]} 9. Qxc4 {[%clk 1:21:31]} Bxd2+ {[%clk 1:01:55]} 10. Nbxd2
{[%clk 1:21:44]} Bd7 {[%clk 0:59:13]} 11. O-O {[%clk 1:19:40]} Na5
{[%clk 0:54:24]} 12. Qd3 {[%clk 1:18:46]} a6 {[%clk 0:47:55]} 13. a4
{[%clk 1:14:03]} Nc6 {[%clk 0:43:44]} 14. Ne4 {[%clk 1:09:46]} Ncb4
{[%clk 0:41:07]} 15. Qd2 {[%clk 1:09:51]} a5 {[%clk 0:38:27]} 16. Ne5
{[%clk 1:07:20]} Bc8 {[%clk 0:31:55]} 17. Nc3 {[%clk 1:06:21]} f6
{[%clk 0:25:10]} 18. Nd3 {[%clk 1:04:47]} Nxd3 {[%clk 0:20:32]} 19. Qxd3
{[%clk 1:04:37]} Nb4 {[%clk 0:17:52]} 20. Qc4 {[%clk 1:03:48]} c6
{[%clk 0:16:35]} 21. Rfd1 {[%clk 0:59:13]} Qe7 {[%clk 0:13:16]} 22. e4
{[%clk 0:58:00]} Kh8 {[%clk 0:10:50]} 23. Qc5 {[%clk 0:54:41]} Qxc5
{[%clk 0:08:57]} 24. dxc5 {[%clk 0:55:07]} e5 {[%clk 0:08:46]} 25. Bf1
{[%clk 0:52:43]} Bg4 {[%clk 0:07:36]} 26. Be2 {[%clk 0:49:28]} Bxe2
{[%clk 0:06:59]} 27. Nxe2 {[%clk 0:49:55]} Rfd8 {[%clk 0:07:17]} 28. Rac1
{[%clk 0:48:07]} Kg8 {[%clk 0:07:11]} 29. Kf1 {[%clk 0:47:15]} Kf7
{[%clk 0:07:09]} 30. Nc3 {[%clk 0:47:22]} Nd3 {[%clk 0:05:23]} 31. Rc2
{[%clk 0:47:44]} Nxc5 {[%clk 0:05:23]} 32. Rcd2 {[%clk 0:48:10]} Rxd2
{[%clk 0:05:14]} 33. Rxd2 {[%clk 0:48:37]} Ke7 {[%clk 0:05:01]} 0-1

[Event "Mistrovstvi Cech 2019 - FIDE"]
[Site "?"]
[Date "2019.10.26"]
[Round "1.5"]
[White "Zizka, Petr"]
[Black "Hlavac, Rudolf"]
[Result "0-1"]
[BlackElo "1957"]
[WhiteElo "2128"]
[LiveChessVersion "1.4.8"]

1. b3 {[%clk 1:30:56]} d5 {[%clk 1:30:20]} 2. Bb2 {[%clk 1:31:18]} Nf6
{[%clk 1:30:15]} 3. e3 {[%clk 1:31:27]} Nbd7 {[%clk 1:30:03]} 4. f4
{[%clk 1:31:22]} g6 {[%clk 1:28:21]} 5. Nf3 {[%clk 1:31:22]} Bg7 {[%clk 1:28:37]}
6. Be2 {[%clk 1:31:11]} O-O {[%clk 1:28:48]} 7. O-O {[%clk 1:31:14]} c5
{[%clk 1:27:25]} 8. c4 {[%clk 1:27:38]} b6 {[%clk 1:18:41]} 9. d3
{[%clk 1:22:37]} Bb7 {[%clk 1:18:46]} 10. Qd2 {[%clk 1:20:25]} e6
{[%clk 1:11:09]} 11. Nc3 {[%clk 1:17:14]} Qe7 {[%clk 1:10:36]} 12. Ne5
{[%clk 1:08:19]} dxc4 {[%clk 1:08:45]} 13. Nxc4 {[%clk 0:57:30]} Rfd8
{[%clk 1:04:19]} 14. e4 {[%clk 0:50:40]} Nb8 {[%clk 1:02:17]} 15. e5
{[%clk 0:49:41]} Ne8 {[%clk 1:01:43]} 16. Nb5 {[%clk 0:42:49]} Nc6
{[%clk 0:56:38]} 17. Bf3 {[%clk 0:33:24]} Nb4 {[%clk 0:55:24]} 18. Nbd6
{[%clk 0:28:39]} Bxf3 {[%clk 0:54:52]} 19. Rxf3 {[%clk 0:29:01]} Nd5
{[%clk 0:52:30]} 20. d4 {[%clk 0:27:31]} cxd4 {[%clk 0:52:10]} 21. Ba3
{[%clk 0:21:48]} Qd7 {[%clk 0:51:15]} 22. Qxd4 {[%clk 0:20:14]} Nec7
{[%clk 0:45:53]} 23. Rc1 {[%clk 0:15:04]} Nb5 {[%clk 0:44:57]} 24. Nxb5
{[%clk 0:14:38]} Qxb5 {[%clk 0:45:06]} 25. Nd6 {[%clk 0:14:35]} Qa6
{[%clk 0:43:17]} 26. Qb2 {[%clk 0:08:21]} Rd7 {[%clk 0:42:08]} 27. Rc6
{[%clk 0:07:44]} Rad8 {[%clk 0:41:47]} 28. Qc1 {[%clk 0:06:34]} Bf8
{[%clk 0:39:12]} 29. b4 {[%clk 0:05:46]} Bxd6 {[%clk 0:37:18]} 30. Rxd6
{[%clk 0:04:19]} Rxd6 {[%clk 0:36:41]} 31. exd6 {[%clk 0:02:57]} b5
{[%clk 0:33:29]} 32. Qc5 {[%clk 0:02:56]} Qxd6 {[%clk 0:33:21]} 33. Qxb5
{[%clk 0:02:17]} Nxf4 {[%clk 0:32:29]} 34. Qf1 {[%clk 0:02:14]} Qd4+
{[%clk 0:30:32]} 35. Kh1 {[%clk 0:02:10]} g5 {[%clk 0:30:13]} 36. Bc1
{[%clk 0:01:11]} e5 {[%clk 0:27:43]} 37. g3 {[%clk 0:00:52]} Qe4 {[%clk 0:27:47]}
38. gxf4 {[%clk 0:00:43]} g4 {[%clk 0:28:05]} 39. Qg2 {[%clk 0:00:36]} Rd1+
{[%clk 0:27:52]} 0-1

[Event "Mistrovstvi Cech 2019 - FIDE"]
[Site "?"]
[Date "2019.10.26"]
[Round "1.6"]
[White "Kotva, Milan"]
[Black "Holasek, Pavel"]
[Result "1-0"]
[BlackElo "2120"]
[WhiteElo "1906"]
[LiveChessVersion "1.4.8"]

1. d4 d5 2. Nf3 e6 3. Bf4 Nf6 4. e3 Bd6 5. Ne5 O-O 6. Nd2 b6 7. g4 Nfd7 8. g5 f6
9. gxf6 Qxf6 10. Ndf3 Bxe5 11. dxe5 Qe7 12. Bd3 Rxf4 13. exf4 Qb4+ 14. Qd2 Qxb2
15. O-O Nf8 16. a4 d4 17. Nxd4 c5 18. Nb3 c4 19. Bxc4 Nc6 20. Rfb1 Nxe5 21. Rxb2
Nf3+ 22. Kf1 Nxd2+ 23. Nxd2 Bb7 24. a5 Rd8 25. axb6 a5 26. Nb3 a4 27. Nc5 a3 28.
Rxa3 Bc6 29. b7 1-0

[Event "Mistrovstvi Cech 2019 - FIDE"]
[Site "?"]
[Date "2019.10.26"]
[Round "1.7"]
[White "Jun, Rudolf"]
[Black "Holasek, Vojtech"]
[Result "1-0"]
[BlackElo "1905"]
[WhiteElo "2105"]
[LiveChessVersion "1.4.8"]

1. e4 {[%clk 1:30:57]} e5 {[%clk 1:30:59]} 2. Nf3 {[%clk 1:31:16]} Nc6
{[%clk 1:31:25]} 3. Bb5 {[%clk 1:31:31]} a6 {[%clk 1:31:49]} 4. Bxc6
{[%clk 1:31:51]} dxc6 {[%clk 1:32:10]} 5. Nc3 {[%clk 1:32:15]} Bg4
{[%clk 1:30:38]} 6. h3 {[%clk 1:32:34]} Bh5 {[%clk 1:30:47]} 7. g4
{[%clk 1:32:59]} Bg6 {[%clk 1:30:44]} 8. Nxe5 {[%clk 1:32:59]} Bc5
{[%clk 1:27:48]} 9. Qe2 {[%clk 1:31:25]} Qe7 {[%clk 1:23:28]} 10. Nxg6
{[%clk 1:29:23]} hxg6 {[%clk 1:23:48]} 11. d3 {[%clk 1:29:36]} O-O-O
{[%clk 1:23:14]} 12. Be3 {[%clk 1:29:43]} Bb4 {[%clk 1:22:40]} 13. Bd2
{[%clk 1:30:03]} Qe6 {[%clk 1:17:48]} 14. a3 {[%clk 1:28:14]} Ba5
{[%clk 1:17:07]} 15. O-O-O {[%clk 1:27:30]} Ne7 {[%clk 1:17:01]} 16. Kb1
{[%clk 1:27:52]} f6 {[%clk 1:12:23]} 17. f4 {[%clk 1:24:51]} Rhe8
{[%clk 1:06:30]} 18. Qf3 {[%clk 1:24:27]} c5 {[%clk 1:04:48]} 19. Rhe1
{[%clk 1:19:03]} Nc6 {[%clk 1:03:32]} 20. Qg3 {[%clk 1:15:52]} c4
{[%clk 1:02:24]} 21. f5 {[%clk 1:15:23]} Qf7 {[%clk 1:02:00]} 22. fxg6 Qxg6
{[%clk 1:02:20]} 23. Nd5 {[%clk 1:14:11]} Bb6 {[%clk 1:01:00]} 24. Nxb6+
{[%clk 1:13:46]} cxb6 {[%clk 1:01:26]} 25. Bc3 {[%clk 1:13:38]} cxd3
{[%clk 1:00:25]} 26. cxd3 {[%clk 1:13:58]} Ne5 {[%clk 0:59:37]} 27. Qe3
{[%clk 1:12:06]} Rd6 {[%clk 0:58:40]} 28. d4 {[%clk 1:11:21]} Nd7
{[%clk 0:57:30]} 29. Rd2 {[%clk 1:02:41]} Rde6 {[%clk 0:55:51]} 30. Rde2
{[%clk 1:01:43]} Rxe4 {[%clk 0:55:33]} 31. Qd3 {[%clk 0:59:33]} Rxe2
{[%clk 0:54:25]} 32. Qxg6 {[%clk 0:59:56]} Rxe1+ {[%clk 0:54:44]} 33. Bxe1
{[%clk 1:00:22]} Rxe1+ {[%clk 0:55:06]} 34. Ka2 {[%clk 1:00:30]} Re7
{[%clk 0:55:06]} 35. Qc2+ {[%clk 0:59:24]} Kd8 {[%clk 0:55:01]} 36. Qb3
{[%clk 0:59:36]} b5 {[%clk 0:52:02]} 37. a4 {[%clk 0:59:04]} g5 {[%clk 0:45:38]}
38. axb5 {[%clk 0:58:59]} axb5 {[%clk 0:45:55]} 39. Qxb5 {[%clk 0:58:59]} b6
{[%clk 0:46:06]} 40. Kb3 {[%clk 0:57:36]} Re3+ {[%clk 0:44:09]} 41. Kc4
{[%clk 0:57:45]} Rxh3 {[%clk 0:44:36]} 42. Kd5 {[%clk 0:57:54]} Rh6
{[%clk 0:44:38]} 43. Qc6 {[%clk 0:57:00]} Rg6 {[%clk 0:40:53]} 44. Qe6
{[%clk 0:54:54]} Rg7 {[%clk 0:39:19]} 45. Kd6 {[%clk 0:54:39]} Kc8
{[%clk 0:37:19]} 46. Qe8+ {[%clk 0:53:34]} Kb7 {[%clk 0:37:26]} 47. Qh8
{[%clk 0:53:39]} Rf7 {[%clk 0:36:39]} 48. Qg8 {[%clk 0:53:32]} Rf8
{[%clk 0:36:36]} 49. Qd5+ {[%clk 0:53:56]} Kc8 {[%clk 0:36:43]} 50. Qc6+
{[%clk 0:54:20]} Kd8 {[%clk 0:36:47]} 51. Qxd7# {[%clk 0:54:40]} 1-0

[Event "Mistrovstvi Cech 2019 - FIDE"]
[Site "?"]
[Date "2019.10.26"]
[Round "1.8"]
[White "Flajsman, Pavel"]
[Black "Pise, Jiri"]
[Result "1-0"]
[BlackElo "1775"]
[WhiteElo "1887"]
[LiveChessVersion "1.4.8"]

1. d4 {[%clk 1:30:48]} Nf6 {[%clk 1:30:44]} 2. c4 {[%clk 1:30:55]} e6
{[%clk 1:30:50]} 3. Nf3 {[%clk 1:31:11]} Bb4+ {[%clk 1:30:08]} 4. Bd2
{[%clk 1:31:36]} Bxd2+ {[%clk 1:30:07]} 5. Qxd2 {[%clk 1:31:46]} O-O
{[%clk 1:29:24]} 6. g3 {[%clk 1:31:42]} d5 {[%clk 1:28:45]} 7. Bg2
{[%clk 1:31:33]} Nbd7 {[%clk 1:25:28]} 8. O-O {[%clk 1:30:36]} Re8
{[%clk 1:22:35]} 9. Rd1 {[%clk 1:16:52]} c6 {[%clk 1:10:23]} 10. Nc3
{[%clk 1:14:43]} Nf8 {[%clk 1:02:06]} 11. Qc2 {[%clk 1:14:18]} Ng6
{[%clk 0:58:05]} 12. e4 {[%clk 1:12:09]} dxe4 {[%clk 0:54:44]} 13. Nxe4
{[%clk 1:12:15]} Qe7 {[%clk 0:50:07]} 14. h4 {[%clk 0:50:31]} Nxe4
{[%clk 0:42:46]} 15. Qxe4 {[%clk 0:50:57]} Bd7 {[%clk 0:41:36]} 16. h5
{[%clk 0:38:09]} Nf8 {[%clk 0:41:16]} 17. c5 {[%clk 0:38:18]} a5 {[%clk 0:34:37]}
18. Rac1 {[%clk 0:37:32]} Bc8 {[%clk 0:31:21]} 19. Ne5 {[%clk 0:33:47]} Nd7
{[%clk 0:27:02]} 20. Nc4 {[%clk 0:31:31]} Nf6 {[%clk 0:24:24]} 21. Qe5
{[%clk 0:29:51]} Nd5 {[%clk 0:19:06]} 22. Nd6 {[%clk 0:28:26]} Rd8
{[%clk 0:18:15]} 23. Bxd5 {[%clk 0:22:50]} cxd5 {[%clk 0:18:22]} 24. f4
{[%clk 0:22:14]} f6 {[%clk 0:14:05]} 25. Qe2 {[%clk 0:18:21]} Qd7
{[%clk 0:07:37]} 26. Re1 {[%clk 0:17:36]} Ra6 {[%clk 0:05:39]} 27. Rc3
{[%clk 0:14:13]} Qa4 {[%clk 0:02:48]} 28. Qd2 {[%clk 0:13:08]} Qc6
{[%clk 0:01:20]} 29. Rce3 {[%clk 0:10:15]} Rxd6 {[%clk 0:01:04]} 30. cxd6
{[%clk 0:10:40]} Qxd6 {[%clk 0:01:30]} 31. f5 {[%clk 0:09:00]} Qe7
{[%clk 0:01:00]} 32. Rc1 {[%clk 0:07:52]} Qd7 {[%clk 0:00:46]} 33. fxe6
{[%clk 0:06:01]} Rxe6 {[%clk 0:01:03]} 34. Qe1 {[%clk 0:05:55]} Rxe3
{[%clk 0:00:48]} 35. Qxe3 {[%clk 0:06:22]} Qd8 {[%clk 0:01:04]} 36. Qf4
{[%clk 0:05:13]} b5 {[%clk 0:00:40]} 37. Qb8 {[%clk 0:05:10]} 1-0

[Event "Narodni Open 2019"]
[Site "?"]
[Date "2019.10.26"]
[Round "1.1"]
[White "Kurek, Pavel"]
[Black "Kohout, Filip"]
[Result "1-0"]
[WhiteElo "1789"]
[BlackElo "1294"]
[PlyCount "45"]
[SourceVersionDate "2019.10.26"]

1. e4 e5 2. Nf3 Nc6 3. Bb5 a6 4. Ba4 Nf6 5. O-O Be7 6. c3 d6 7. Re1 b5 8. Bb3
O-O 9. h3 Re8 10. d4 Bf8 11. Bg5 Be7 12. Nbd2 Nb8 13. dxe5 dxe5 14. Nxe5 Bd6
15. Nxf7 Qe7 16. Nxd6+ Kf8 17. Nxc8 Rxc8 18. e5 Re8 19. exf6 Qxe1+ 20. Qxe1
Rxe1+ 21. Rxe1 gxf6 22. Bxf6 Nc6 23. Bd5 1-0

[Event "Narodni Open 2019"]
[Site "?"]
[Date "2019.10.26"]
[Round "1.2"]
[White "Novak, Ondrej"]
[Black "Holasek, Vit"]
[Result "0-1"]
[WhiteElo "1287"]
[BlackElo "1771"]
[PlyCount "38"]
[EventDate "2019.??.??"]
[SourceVersionDate "2019.10.26"]

1. e4 e5 2. Nf3 Nc6 3. d4 exd4 4. Bc4 Bc5 5. c3 d3 6. Qxd3 d6 7. O-O Be6 8. a4
a6 9. Bd5 Nge7 10. Bg5 Ne5 11. Nxe5 dxe5 12. Bxe7 Bxe7 13. Rd1 Bxd5 14. Qxd5
O-O 15. c4 c6 16. Qd3 Qb6 17. Rd2 Bg5 18. Rc2 Rad8 19. Qc3 Rd1+ 0-1

[Event "Narodni Open 2019"]
[Site "?"]
[Date "2019.10.26"]
[Round "1.3"]
[White "Jodas, Daniel"]
[Black "Kyr, Michal"]
[Result "1-0"]
[WhiteElo "1716"]
[BlackElo "1264"]
[PlyCount "69"]
[EventDate "2019.??.??"]
[SourceVersionDate "2019.10.26"]

1. e4 e5 2. Nf3 Nf6 3. Nc3 d6 4. d4 Bg4 5. dxe5 Bxf3 6. Qxf3 dxe5 7. Bc4 Bc5 8.
Nd5 Nbd7 9. Bg5 Be7 10. O-O-O Nxd5 11. Bxe7 Qxe7 12. Rxd5 f6 13. Bb3 O-O-O 14.
Rhd1 Nb6 15. Qf5+ Kb8 16. Rxd8+ Rxd8 17. Rxd8+ Qxd8 18. Qxh7 g5 19. g3 c6 20.
h4 Qd4 21. Qg8+ Kc7 22. Qf7+ Nd7 23. Be6 c5 24. Qxd7+ Qxd7 25. Bxd7 Kxd7 26. h5
Ke7 27. g4 Kf7 28. Kd2 b5 29. Kc3 a6 30. Kd3 Kg7 31. a3 Kf8 32. c4 Ke7 33. cxb5
axb5 34. a4 bxa4 35. Kc4 1-0

[Event "Narodni Open 2019"]
[Site "?"]
[Date "2019.10.26"]
[Round "1.4"]
[White "Lev, Lukas"]
[Black "Stepan, Vojtech"]
[Result "0-1"]
[WhiteElo "1263"]
[BlackElo "1710"]
[PlyCount "50"]
[EventDate "2019.??.??"]
[SourceVersionDate "2019.10.26"]

1. d3 d5 2. g3 e5 3. Bg2 f5 4. Nd2 Nf6 5. c4 Bc5 6. e3 c6 7. a3 a5 8. Nb3 Bb6
9. Nd2 O-O 10. cxd5 cxd5 11. Qb3 Be6 12. Ngf3 Nc6 13. Ng5 Bc8 14. e4 fxe4 15.
Ngxe4 Nxe4 16. dxe4 Bxf2+ 17. Kd1 Bg4+ 18. Bf3 Nd4 19. Qxd5+ Qxd5 20. exd5 Nxf3
21. h3 Nxd2+ 22. hxg4 Nb3 23. Rb1 Rad8 24. Kc2 Nxc1 25. Rbxc1 Rxd5 0-1

[Event "Narodni Open 2019"]
[Site "?"]
[Date "2019.10.26"]
[Round "1.5"]
[White "Seterle, Matej"]
[Black "Do, Quang Huy"]
[Result "1-0"]
[WhiteElo "1674"]
[BlackElo "1262"]
[PlyCount "113"]
[EventDate "2019.??.??"]
[SourceVersionDate "2019.10.26"]

1. e4 e6 2. d4 d5 3. exd5 exd5 4. Nf3 Nc6 5. c3 Bg4 6. Be2 Qe7 7. O-O O-O-O 8.
Re1 Nf6 9. Bg5 Re8 10. Nbd2 h6 11. Bxf6 Qxf6 12. Qb3 Be6 13. Bb5 Bd6 14. Qa4
Bd7 15. Bxc6 Bxc6 16. Qxa7 g5 17. Ne5 Bxe5 18. dxe5 Rxe5 19. Rxe5 Qxe5 20. Nf3
Qf6 21. Re1 b6 22. Nd4 Bb7 23. Qa4 Rd8 24. Qc2 Ba6 25. Qf5+ Qxf5 26. Nxf5 h5
27. Re5 Kb8 28. Ne7 Rd6 29. Nf5 Rd8 30. Nd4 f6 31. Nc6+ Kc8 32. Nxd8 fxe5 33.
Nf7 d4 34. Nxe5 dxc3 35. bxc3 c5 36. f3 Kc7 37. Kf2 Bc8 38. Ke3 Be6 39. a3 Kd6
40. Nd3 Kd5 41. Nb2 b5 42. g3 c4 43. Nd1 Bf5 44. Nf2 Ke5 45. f4+ gxf4+ 46.
gxf4+ Kd5 47. h4 Bb1 48. Nh1 Kc5 49. Ng3 Bg6 50. f5 Bf7 51. Kf4 Kb6 52. Ne4 Ka5
53. f6 Be8 54. Nd6 Bc6 55. f7 Ka4 56. f8=Q Kxa3 57. Nxc4+ 1-0

[Event "Mistrovstvi Cech 2019 - U12"]
[Site "?"]
[Date "2019.10.26"]
[Round "1.2"]
[White "Belaska, Adam"]
[Black "Zelba, Lukas"]
[Result "0-1"]
[BlackElo "1610"]
[WhiteElo "1196"]
[LiveChessVersion "1.4.8"]

1. d4 {[%clk 1:30:57]} c5 {[%clk 1:30:14]} 2. Nf3 {[%clk 1:30:29]} cxd4
{[%clk 1:29:08]} 3. Nxd4 {[%clk 1:28:06]} d5 {[%clk 1:26:56]} 4. Nc3
{[%clk 1:26:58]} Nf6 {[%clk 1:27:06]} 5. Bf4 {[%clk 1:26:36]} a6 {[%clk 1:23:18]}
6. f3 {[%clk 1:26:02]} e6 {[%clk 1:22:16]} 7. a3 {[%clk 1:24:19]} Nbd7 8. Bg5
{[%clk 1:22:39]} Qc7 {[%clk 1:08:53]} 9. Qd2 {[%clk 1:18:30]} b6 {[%clk 1:01:23]}
10. e4 {[%clk 1:16:27]} Bb7 {[%clk 1:01:08]} 11. Bd3 {[%clk 1:14:21]} h6
{[%clk 0:50:13]} 12. Bh4 {[%clk 1:13:44]} Bd6 {[%clk 0:50:17]} 13. Qf2
{[%clk 1:07:08]} dxe4 {[%clk 0:48:03]} 14. Nxe4 {[%clk 1:06:05]} Nxe4
{[%clk 0:48:01]} 15. Bxe4 {[%clk 1:06:04]} Bxe4 {[%clk 0:48:04]} 16. fxe4
{[%clk 1:06:10]} Nc5 {[%clk 0:43:16]} 17. Qf3 {[%clk 1:05:11]} Qb7
{[%clk 0:36:49]} 18. O-O {[%clk 1:03:56]} O-O {[%clk 0:36:51]} 19. Rae1
{[%clk 1:01:48]} Nd7 {[%clk 0:35:59]} 20. e5 {[%clk 1:00:24]} Qxf3
{[%clk 0:35:59]} 21. Nxf3 {[%clk 1:00:32]} Bc5+ {[%clk 0:32:43]} 22. Kh1
{[%clk 1:00:06]} Rfe8 {[%clk 0:32:13]} 23. Rd1 {[%clk 0:57:48]} Nf8
{[%clk 0:31:50]} 24. b4 {[%clk 0:57:34]} Be7 {[%clk 0:32:12]} 25. Bxe7 Rxe7 26.
Rd6 {[%clk 0:57:36]} b5 {[%clk 0:30:04]} 27. Rc6 {[%clk 0:54:47]} Rd7
{[%clk 0:27:56]} 28. Rd6 {[%clk 0:54:39]} Rxd6 {[%clk 0:25:59]} 29. exd6
{[%clk 0:54:47]} Nd7 30. Re1 {[%clk 0:54:25]} Rc8 {[%clk 0:26:42]} 31. Re2
{[%clk 0:53:53]} Kf8 {[%clk 0:25:45]} 32. Kg1 {[%clk 0:52:53]} Rc3
{[%clk 0:25:51]} 33. Ne5 {[%clk 0:52:51]} Ke8 {[%clk 0:25:40]} 34. Nxd7
{[%clk 0:52:48]} Kxd7 {[%clk 0:26:01]} 35. Rf2 {[%clk 0:52:48]} f6
{[%clk 0:26:14]} 36. Rf3 {[%clk 0:53:12]} Rxf3 {[%clk 0:25:57]} 37. gxf3
{[%clk 0:53:34]} Kxd6 {[%clk 0:26:22]} 38. Kf2 {[%clk 0:53:38]} Kd5
{[%clk 0:24:10]} 39. Ke3 {[%clk 0:53:48]} Kc4 {[%clk 0:24:20]} 40. Kd2
{[%clk 0:53:54]} g5 {[%clk 0:24:01]} 41. h3 {[%clk 0:53:46]} h5 {[%clk 0:23:55]}
0-1